Terminus provisoires en cas de panne Lille - Statistiques

Statistiques générales
  • Ce quiz a été pris 77 fois
    61 depuis la dernière actualisation
  • Le résultat moyen est 12 sur 18
Statistiques - réponses
Réponse Réponse % Correct
M2 Gare Lille Flandres
83%
M2 Porte des Postes
81%
M2 CH Dron
79%
M1 4 Cantons
77%
M2 St Philibert
74%
M1 Fives
72%
M2 Fort de Mons
68%
M1 Chu Eurasanté
66%
M2 Gare Lille Europe
66%
M2 Eurotéléport
62%
M2 Lomme Lambersart Arthur Notebart
60%
M1 Pont de Bois
60%
M1 République Beaux-Arts
57%
M2 Roubaix Grand Place
57%
M2 Tourcoing Centre
57%
M1 Villeneuve d'Ascq Hôtel de Ville
55%
M2 Jean Jaurès
45%
M2 Epeule Montesquieu
34%
Aucun quiz correspondant
Distribution des résultats
% des personnes avec chaque résultat
Percentile par nombre de réponses
Votre historique - résultats
Vous n’avez pas pris ce quiz depuis la dernière actualisation